Štatistická regulácia výrobného procesu v MATADOR, a.s., Púchov

Bibliographic Details
Main Authors: Hrnčiarová, Ľubica, 1953- (Author), Terek, M. (Author)
Format: Article
Language:Slovak
ISBN:8096765817

MARC

LEADER 00000naa a2200000uu 4500
001 vtls010949469
003 SK-MaSNL
005 20260302140506.0
008 210905|1997 xo |||||||||||||||||slo|
015 |a SNBRA 
035 |a (urnnbn)urn:nbn:sk:snk:ar-a0bigz 
035 |a (uuid)83863cb1-1db9-4bb9-9b22-78a0fca2603d 
035 |a urn:nbn:sk:snk-aauajl 
040 |a SNKBUCL  |b slo  |c SNKBUCL  |e AACR2 
041 0 |a slo 
044 |a xo  |c SK 
100 1 |a Hrnčiarová, Ľubica,  |d 1953-  |4 aut  |9 113730 
245 1 0 |a Štatistická regulácia výrobného procesu v MATADOR, a.s., Púchov  |c Ľ. Hrnčiarová, M. Terek 
700 1 |a Terek, M.  |4 aut  |9 826829 
773 0 |t Aplikácia štatistických metód v transformujúcej sa ekonomike  |d Bratislava : Slovenská štatistická a demografická spoločnosť, 1997  |g S. 12-14  |z 8096765817 
958 |a OND 
958 |a article11 
958 |a chapter 
999 |c 1331007  |d 1332937